000 00691nam a2200289Ia 4500
005 20260324111443.0
008 008 260324s9999 xx 000 0 eng d
020 _a9781003402343
037 _aEBOOK
040 _aCRL
040 _beng
040 _cCRL
041 _2eng
041 _aeng
084 _qCRL
100 _aMei-whei Chen; Zachary D. Bloom
_91138628
245 0 _aIndividual Counseling and Therapy
245 0 _bSkills and Techniques
260 _bTaylor and Francis
260 _c2025
365 _a
365 _b290
856 _uhttp://www.taylorfrancis.com/books/9781003402343
942 _cEBOOK
999 _c1727458
_d1727458